[Event "POL-ch U17 Qual"]
[Site "Jastrzebia Gora"]
[Date "2021.11.19"]
[Round "7"]
[White "Bartlomowicz, Jakub"]
[Black "Sawicki, Wojciech"]
[Result "1/2-1/2"]
[WhiteElo "1842"]
[BlackElo "1505"]
[PlyCount "95"]
[EventDate "2021.11.15"]
[EventType "swiss"]
[EventRounds "9"]
[EventCountry "POL"]
[SourceTitle "EXT 2023"]
[Source "ChessBase"]
[SourceDate "2022.10.05"]
[SourceVersion "1"]
[SourceVersionDate "2022.10.05"]
[SourceQuality "1"]

1. e4 c6 2. d4 d5 3. Nc3 dxe4 4. Nxe4 Bf5 5. Ng3 Bg6 6. h4 h6 7. Nf3 Nd7 8. h5 Bh7 9. Bd3 Bxd3 10. Qxd3 e6 11. Bd2 Ngf6 12. 0-0-0 Be7 13. Kb1 0-0 14. Ne4 Nxe4 15. Qxe4 Nf6 16. Qe2 Qd5 17. Be3 a5 18. Ne5 a4 19. g4 a3 20. c4 Qa5 21. b3 Rfc8 22. f4 b5 23. c5 Qc7 24. Bd2 Nd5 25. Qe4 Rf8 26. Rhg1 f5 27. Qg2 Bf6 28. g5 hxg5 29. Ng6 Rf7 30. fxg5 Bxd4 31. Rh1 Ne7 32. Bf4 e5 33. Rxd4 exf4 34. Nxf4 Qe5 35. Rhd1 Re8 36. h6 g6 37. b4 Kh7 38. Qd2 Nd5 39. Nxd5 cxd5 40. Rxd5 Qe4+ 41. Ka1 f4 42. c6 f3 43. Rd7 Qe5+ 44. Kb1 Qe4+ 45. Qc2 Qxb4+ 46. Qb3 Qe4+ 47. Qc2 Qb4+ 48. Qb3 1/2-1/2

[Event "POL-ch U17 Qual"]
[Site "Jastrzebia Gora"]
[Date "2021.11.17"]
[Round "4"]
[White "Sawicki, Wojciech"]
[Black "Pieczulis, Blazej"]
[Result "1-0"]
[WhiteElo "1505"]
[BlackElo "1726"]
[PlyCount "63"]
[EventDate "2021.11.15"]
[EventType "swiss"]
[EventRounds "9"]
[EventCountry "POL"]
[SourceTitle "EXT 2023"]
[Source "ChessBase"]
[SourceDate "2022.10.05"]
[SourceVersion "1"]
[SourceVersionDate "2022.10.05"]
[SourceQuality "1"]

1. e4 d6 2. Bc4 g6 3. Nf3 Bg7 4. d4 Nf6 5. Qe2 0-0 6. 0-0 c6 7. e5 dxe5 8. dxe5 Nd5 9. Rd1 e6 10. Bb3 Qc7 11. c4 Ne7 12. Nc3 Nd7 13. Re1 Nc5 14. Bc2 b6 15. b4 Nb7 16. Rb1 Bd7 17. Bg5 Rfe8 18. Ne4 h6 19. Nf6+ Bxf6 20. Bxf6 Kf8 21. Qe3 Ng8 22. h4 Rec8 23. h5 Be8 24. g3 a5 25. Nh4 g5 26. Nf3 Nxf6 27. exf6 Qd8 28. Nxg5 Kg8 29. Nh7 Nd6 30. Qxh6 Nf5 31. Qf8+ Kxh7 32. Qg7# 1-0

[Event "POL-ch U17 Qual"]
[Site "Jastrzebia Gora"]
[Date "2021.11.15"]
[Round "1"]
[White "Haliniak, Wojciech"]
[Black "Sawicki, Wojciech"]
[Result "1-0"]
[WhiteElo "1827"]
[BlackElo "1505"]
[PlyCount "125"]
[EventDate "2021.11.15"]
[EventType "swiss"]
[EventRounds "9"]
[EventCountry "POL"]
[SourceTitle "EXT 2023"]
[Source "ChessBase"]
[SourceDate "2022.10.05"]
[SourceVersion "1"]
[SourceVersionDate "2022.10.05"]
[SourceQuality "1"]

1. e4 c6 2. c4 d5 3. cxd5 cxd5 4. exd5 Nf6 5. Bb5+ Bd7 6. Bc4 b5 7. Bb3 a5 8. a3 Na6 9. Nf3 Nc7 10. d6 exd6 11. 0-0 Be7 12. d3 0-0 13. Nd4 d5 14. Nd2 Bd6 15. h3 Na6 16. N2f3 h6 17. Nh4 Nc5 18. Ba2 b4 19. Qf3 Be5 20. Ndf5 d4 21. Bc4 Rc8 22. axb4 axb4 23. Bd2 Bc6 24. Nxh6+ gxh6 25. Qf5 Nh7 26. Ng6 Qf6 27. Qxf6 Bxf6 28. Bxb4 Rfe8 29. Bxc5 Bxg2 30. Kxg2 Rxc5 31. Nf4 Bg5 32. Nd5 Rd8 33. f4 Bh4 34. Nb6 Kg7 35. b4 Rc6 36. Nd5 Rcd6 37. Ra5 Re8 38. Ra6 Rxa6 39. Bxa6 Nf6 40. Nxf6 Bxf6 41. Rb1 Bd8 42. Bc4 Re2+ 43. Kg1 Re7 44. Bd5 Bb6 45. Kf2 Kf6 46. Ra1 Re8 47. Rc1 Rb8 48. Rc6+ Kg7 49. Rd6 Bd8 50. Rd7 Kg6 51. Bxf7+ Kf5 52. Kf3 Bh4 53. Rxd4 Be7 54. Rc4 Rxb4 55. Re4 Kf6 56. Bc4 Rb6 57. Kg4 Bf8 58. d4 Rb1 59. Re6+ Kg7 60. Kf5 Rb4 61. Rc6 Ra4 62. Rc7+ Kh8 63. Kg6 1-0

[Event "Warsaw YMCA Spring-A 183rd"]
[Site "Warsaw"]
[Date "2017.06.21"]
[Round "13"]
[White "Celinski, Kamil"]
[Black "Sawicki, Wojciech"]
[Result "1-0"]
[WhiteElo "1762"]
[BlackElo "1814"]
[PlyCount "93"]
[EventDate "2017.04.06"]
[EventType "tourn"]
[EventRounds "13"]
[EventCountry "POL"]
[SourceTitle "EXT 2018"]
[Source "ChessBase"]
[SourceDate "2017.10.13"]
[SourceVersion "1"]
[SourceVersionDate "2017.10.13"]
[SourceQuality "1"]

1. e4 g6 2. d4 Bg7 3. Nf3 d6 4. Bf4 Nf6 5. Nbd2 0-0 6. Bd3 c5 7. c3 Nc6 8. d5 Nh5 9. Be3 Ne5 10. Nxe5 Bxe5 11. Be2 Nf4 12. Bf1 f5 13. g3 Nh5 14. exf5 Ng7 15. fxg6 hxg6 16. Bd3 Nf5 17. Qg4 Qe8 18. Bxf5 Bxf5 19. Qh4 Qb5 20. Nb3 c4 21. Nd4 Qxd5 22. 0-0-0 Qe4 23. Nxf5 Qxf5 24. Qxc4+ e6 25. f4 d5 26. Qe2 Bg7 27. Rhe1 Rfe8 28. g4 Qe4 29. Qf2 Qc4 30. Kb1 b5 31. Bd4 a5 32. Qc2 Kf7 33. f5 e5 34. fxg6+ Kg8 35. Qf5 Qc7 36. Qh5 Bf6 37. g5 Bh8 38. Rf1 Re7 39. Bc5 Rd7 40. Rxd5 Rg7 41. Bf8 Rd7 42. Bd6 Qb7 43. Bxe5 Bxe5 44. Rxe5 Qg2 45. Rfe1 Rf8 46. Re8 Qa8 47. Rxa8 1-0

[Event "Warsaw YMCA Spring-A 183rd"]
[Site "Warsaw"]
[Date "2017.05.19"]
[Round "8"]
[White "Pesko, Tomasz"]
[Black "Sawicki, Wojciech"]
[Result "1-0"]
[WhiteElo "1802"]
[BlackElo "1814"]
[PlyCount "101"]
[EventDate "2017.04.06"]
[EventType "tourn"]
[EventRounds "13"]
[EventCountry "POL"]
[SourceTitle "EXT 2018"]
[Source "ChessBase"]
[SourceDate "2017.10.13"]
[SourceVersion "1"]
[SourceVersionDate "2017.10.13"]
[SourceQuality "1"]

1. d4 Nf6 2. c4 c5 3. d5 b5 4. Qc2 e6 5. e4 bxc4 6. Bxc4 exd5 7. exd5 d6 8. Ne2 g6 9. 0-0 Bg7 10. Nbc3 0-0 11. Ng3 Nbd7 12. Bg5 Nb6 13. Nce4 Re8 14. Rfe1 Kh8 15. Bb5 Rg8 16. Bc6 Rb8 17. Rad1 Bb7 18. b3 h6 19. Bxf6 Bxf6 20. Nxf6 Qxf6 21. Ne4 Qf5 22. Qc3+ Qe5 23. Qxe5+ dxe5 24. Bxb7 Rxb7 25. Nxc5 Rc7 26. b4 f6 27. d6 Rc6 28. d7 Rd8 29. Rd3 Kg8 30. Red1 Kf8 31. a4 Ke7 32. a5 Rc7 33. axb6 axb6 34. Na4 Rcxd7 35. Rxd7+ Rxd7 36. Rxd7+ Kxd7 37. Nxb6+ Kc6 38. Nc8 Kd7 39. Na7 Kc7 40. Nb5+ Kc6 41. Nc3 f5 42. Kf1 g5 43. Ke2 h5 44. Kd3 h4 45. Kc4 g4 46. b5+ Kd6 47. Nd5 f4 48. g3 hxg3 49. hxg3 fxg3 50. fxg3 e4 51. Kd4 1-0

[Event "Warsaw YMCA Spring-A 183rd"]
[Site "Warsaw"]
[Date "2017.04.06"]
[Round "1"]
[White "Sawicki, Wojciech"]
[Black "Kasperski, Marcin"]
[Result "1-0"]
[WhiteElo "1814"]
[BlackElo "1788"]
[PlyCount "67"]
[EventDate "2017.04.06"]
[EventType "tourn"]
[EventRounds "13"]
[EventCountry "POL"]
[SourceTitle "EXT 2018"]
[Source "ChessBase"]
[SourceDate "2017.10.13"]
[SourceVersion "1"]
[SourceVersionDate "2017.10.13"]
[SourceQuality "1"]

1. e4 d6 2. d4 Nf6 3. Nc3 g6 4. f4 Bg4 5. Qd3 c6 6. h3 Bc8 7. Nf3 Bg7 8. Be3 Na6 9. 0-0-0 Nb4 10. Qd2 a5 11. g4 d5 12. e5 Ne4 13. Qe1 Nxc3 14. bxc3 Na6 15. Bd3 b5 16. f5 b4 17. e6 fxe6 18. fxg6 Qd6 19. gxh7 bxc3 20. Qxc3 Nb4 21. Bg6+ Kd8 22. Kd2 Nxa2 23. Qb2 Qg3 24. Rhf1 Rf8 25. Qb6+ Qc7 26. Qxc7+ Kxc7 27. Ra1 Nb4 28. c3 Ba6 29. Rf2 Rf6 30. Ne5 Rxf2+ 31. Bxf2 Bh6+ 32. Be3 Bxe3+ 33. Kxe3 Bd3 34. cxb4 1-0

[Event "Warsaw YMCA Winter-B 179th"]
[Site "Warsaw"]
[Date "2017.03.09"]
[Round "9"]
[White "Sawicki, Wojciech"]
[Black "Wrabel, Antoni"]
[Result "1-0"]
[WhiteElo "1769"]
[BlackElo "1592"]
[PlyCount "47"]
[EventDate "2017.01.11"]
[EventType "tourn"]
[EventRounds "11"]
[EventCountry "POL"]
[SourceTitle "EXT 2018"]
[Source "ChessBase"]
[SourceDate "2017.10.13"]
[SourceVersion "1"]
[SourceVersionDate "2017.10.13"]
[SourceQuality "1"]

1. e4 e5 2. Nf3 Nc6 3. Bc4 Be7 4. d4 exd4 5. Nxd4 d6 6. Nc3 Nxd4 7. Qxd4 Bf6 8. Qd3 Ne7 9. Be3 0-0 10. 0-0-0 Nc6 11. f4 Be6 12. Bxe6 fxe6 13. g4 Kh8 14. Kb1 a6 15. g5 Be7 16. h4 b5 17. Ne2 Qb8 18. h5 d5 19. h6 Rf7 20. hxg7+ Rxg7 21. g6 Qb7 22. exd5 exd5 23. Qc3 b4 24. Rxh7+ 1-0

[Event "Warsaw YMCA Winter-B 179th"]
[Site "Warsaw"]
[Date "2017.01.19"]
[Round "1"]
[White "Sawicki, Wojciech"]
[Black "Kolodziejczyk, Andrzej"]
[Result "1-0"]
[WhiteElo "1769"]
[BlackElo "1812"]
[PlyCount "61"]
[EventDate "2017.01.11"]
[EventType "tourn"]
[EventRounds "11"]
[EventCountry "POL"]
[SourceTitle "EXT 2018"]
[Source "ChessBase"]
[SourceDate "2017.10.13"]
[SourceVersion "1"]
[SourceVersionDate "2017.10.13"]
[SourceQuality "1"]

1. e4 d5 2. exd5 Qxd5 3. Nc3 Qa5 4. d4 Nf6 5. Nf3 c6 6. Bc4 Bf5 7. Bd2 Qb6 8. Qe2 e6 9. 0-0-0 Nbd7 10. Nh4 Bg6 11. Nxg6 hxg6 12. Bxe6 fxe6 13. Qxe6+ Be7 14. Rhe1 Qd8 15. Bf4 Nf8 16. Qe3 Kf7 17. d5 Bd6 18. dxc6 Bxf4 19. Qxf4 Qb6 20. Qc4+ Ne6 21. Qxe6+ Kf8 22. cxb7 Qxb7 23. Ne4 Re8 24. Qd6+ Qe7 25. Nxf6 Qxd6 26. Rxe8+ Kf7 27. Rxd6 Rxe8 28. Nxe8 Kxe8 29. Rxg6 Kf7 30. Ra6 g6 31. Kd2 1-0

[Event "Warsaw YMCA Spring 153rd"]
[Site "Warsaw"]
[Date "2015.06.17"]
[Round "11"]
[White "Celinski, Kamil"]
[Black "Sawicki, Wojciech"]
[Result "1-0"]
[WhiteElo "1698"]
[BlackElo "1763"]
[PlyCount "99"]
[EventDate "2015.04.09"]
[EventType "tourn"]
[EventRounds "13"]
[EventCountry "POL"]
[SourceTitle "EXT 2017"]
[Source "ChessBase"]
[SourceDate "2016.10.25"]
[SourceVersion "1"]
[SourceVersionDate "2016.10.25"]
[SourceQuality "1"]

1. e4 e5 2. Nf3 Nc6 3. Bb5 f5 4. Nc3 fxe4 5. Nxe4 d5 6. Nxe5 dxe4 7. Nxc6 Qg5 8. Qe2 Nf6 9. Nxa7+ c6 10. Nxc6 Bd7 11. Nd4 Qxg2 12. Bxd7+ Nxd7 13. Rf1 0-0-0 14. Ne6 Bd6 15. Nxd8 Rxd8 16. f4 exf3 17. Qxg2 fxg2 18. Rg1 Re8+ 19. Kd1 Bxh2 20. Rxg2 Be5 21. c3 Bf6 22. d4 g5 23. Kc2 Rg8 24. Bd2 Rg6 25. Rh1 h6 26. Rgh2 Bg7 27. Be1 Nf6 28. Bg3 h5 29. Be5 h4 30. Rg1 Nd5 31. Bxg7 Rxg7 32. Rxh4 Nf6 33. Rh6 Ng8 34. Rh5 g4 35. Rf5 Kd7 36. Rf4 Nh6 37. Rh1 Rg6 38. Rg1 Ke6 39. Kd3 Rg5 40. Re1+ Kd7 41. Rf6 Ng8 42. Rf7+ Kd6 43. Rxb7 g3 44. Ke3 Kc6 45. Rf7 Kd5 46. Kf4 Rg6 47. Rf5+ Kd6 48. Rg5 Ne7 49. Rxg6+ Nxg6+ 50. Kxg3 1-0

[Event "Warsaw YMCA Spring 153rd"]
[Site "Warsaw"]
[Date "2015.05.13"]
[Round "5"]
[White "Wilczynski, Adam"]
[Black "Sawicki, Wojciech"]
[Result "0-1"]
[WhiteElo "1652"]
[BlackElo "1763"]
[PlyCount "98"]
[EventDate "2015.04.09"]
[EventType "tourn"]
[EventRounds "13"]
[EventCountry "POL"]
[SourceTitle "EXT 2017"]
[Source "ChessBase"]
[SourceDate "2016.10.25"]
[SourceVersion "1"]
[SourceVersionDate "2016.10.25"]
[SourceQuality "1"]

1. c4 Nf6 2. g3 g6 3. Bg2 Bg7 4. Nc3 0-0 5. d3 d6 6. Bg5 h6 7. Bd2 e5 8. e4 c6 9. Nge2 Be6 10. h3 d5 11. cxd5 cxd5 12. d4 Nc6 13. Be3 dxe4 14. dxe5 Nxe5 15. Qxd8 Rfxd8 16. Nxe4 Nd3+ 17. Kf1 Nxe4 18. Bxe4 Nxb2 19. Kg2 Bd5 20. Bxd5 Rxd5 21. Rac1 Rd7 22. Rc2 a6 23. Bxh6 Bxh6 24. Rxb2 b5 25. h4 Rc8 26. h5 Bg7 27. Rb3 Rc2 28. Nf4 Rdd2 29. Rf3 g5 30. h6 g4 31. h7+ Kh8 32. Ng6+ fxg6 33. Rf7 Rxa2 34. Rh4 Rd8 35. Rxg4 Kxh7 36. Re4 Rf8 37. Rb7 Raxf2+ 38. Kh3 R2f7 39. Rb6 Rf6 40. Rb7 R8f7 41. Rb8 Ra7 42. g4 Bf8 43. g5 Rff7 44. Rb6 Rfb7 45. Rc6 b4 46. Ree6 b3 47. Rxg6 b2 48. Rgf6 b1Q 49. Rxf8 Qd3+ 0-1

[Event "Warsaw YMCA Spring 153rd"]
[Site "Warsaw"]
[Date "2015.04.15"]
[Round "2"]
[White "Chomiuk, Lukasz"]
[Black "Sawicki, Wojciech"]
[Result "1/2-1/2"]
[WhiteElo "1668"]
[BlackElo "1763"]
[PlyCount "94"]
[EventDate "2015.04.09"]
[EventType "tourn"]
[EventRounds "13"]
[EventCountry "POL"]
[SourceTitle "EXT 2017"]
[Source "ChessBase"]
[SourceDate "2016.10.25"]
[SourceVersion "1"]
[SourceVersionDate "2016.10.25"]
[SourceQuality "1"]

1. d4 Nf6 2. Nf3 g6 3. Bf4 Bg7 4. e3 0-0 5. Bd3 d6 6. Nbd2 c5 7. c3 Nc6 8. Ne4 Qb6 9. Qb3 Qxb3 10. axb3 cxd4 11. exd4 e5 12. Nxf6+ Bxf6 13. dxe5 dxe5 14. Be3 Be6 15. Nd2 Rfd8 16. Bc4 Bxc4 17. bxc4 Be7 18. Ke2 f5 19. f3 Rd7 20. b4 Rad8 21. b5 Nb8 22. Rhd1 b6 23. Ra2 Rc7 24. Rda1 Rdd7 25. f4 Bf6 26. Ra3 Re7 27. Kd1 Rcd7 28. Kc2 e4 29. c5 Rd3 30. cxb6 axb6 31. Bxb6 Rb7 32. Nc4 Nd7 33. Bd4 Bxd4 34. cxd4 Rxd4 35. Kc3 Rd5 36. Ra8+ Kg7 37. R8a7 Rbxb5 38. Ne5 Rbc5+ 39. Kb4 Rd4+ 40. Kb3 Rcd5 41. Rc1 Kh6 42. Rcc7 e3 43. Nxd7 e2 44. Nf6 Rd3+ 45. Kc4 R3d4+ 46. Kb3 Rd3+ 47. Kc4 R3d4+ 1/2-1/2

[Event "Warsaw YMCA Winter-B 135th"]
[Site "Warsaw"]
[Date "2014.03.18"]
[Round "12"]
[White "Pastuszko, Kinga"]
[Black "Sawicki, Wojciech"]
[Result "0-1"]
[WhiteElo "1887"]
[BlackElo "1850"]
[PlyCount "64"]
[EventDate "2014.01.08"]
[EventType "tourn"]
[EventRounds "13"]
[EventCountry "POL"]
[SourceTitle "EXT 2015"]
[Source "ChessBase"]
[SourceDate "2014.11.20"]
[SourceVersion "1"]
[SourceVersionDate "2014.11.20"]
[SourceQuality "1"]

1. e4 e5 2. Nf3 Nc6 3. Bc4 Nf6 4. d4 exd4 5. e5 Ng4 6. Qe2 Qe7 7. Bf4 f6 8. exf6 Nxf6 9. Nbd2 d5 10. Bd3 Bg4 11. Bxc7 Qxe2+ 12. Kxe2 Bb4 13. a3 Bxd2 14. Kxd2 Bxf3 15. gxf3 0-0 16. Rhg1 Rf7 17. Bg3 Nh5 18. Be2 Nf4 19. Bxf4 Rxf4 20. Rg5 Rd8 21. Rag1 Rf7 22. R1g4 Re7 23. Rf5 a6 24. Rgg5 Rde8 25. Bd3 Ne5 26. Rg3 Nc4+ 27. Bxc4 dxc4 28. b4 Re2+ 29. Kc1 Rxf2 30. Rfg5 Re1+ 31. Kb2 g6 32. Rg2 Rff1 0-1

[Event "Warsaw YMCA Winter-B 135th"]
[Site "Warsaw"]
[Date "2014.03.12"]
[Round "10"]
[White "Gajewski, Dariusz"]
[Black "Sawicki, Wojciech"]
[Result "1-0"]
[WhiteElo "1986"]
[BlackElo "1850"]
[PlyCount "161"]
[EventDate "2014.01.08"]
[EventType "tourn"]
[EventRounds "13"]
[EventCountry "POL"]
[SourceTitle "EXT 2015"]
[Source "ChessBase"]
[SourceDate "2014.11.20"]
[SourceVersion "1"]
[SourceVersionDate "2014.11.20"]
[SourceQuality "1"]

1. e4 e5 2. Nf3 Nc6 3. d4 exd4 4. Bc4 Nf6 5. e5 Ng4 6. 0-0 d6 7. Re1 Be7 8. e6 fxe6 9. Nxd4 Nxd4 10. Qxd4 Ne5 11. Bb3 0-0 12. f4 Nc6 13. Qd3 d5 14. c3 Bc5+ 15. Be3 Bxe3+ 16. Qxe3 Qf6 17. g3 Bd7 18. Nd2 Rae8 19. Nf3 b6 20. Ba4 Nb8 21. Bc2 c5 22. Ne5 Re7 23. Ng4 Qf7 24. Qd3 Qh5 25. Re5 Rf5 26. Rxf5 Qxf5 27. Qxf5 exf5 28. Ne5 Bc8 29. Rd1 Be6 30. Bb3 g6 31. Bxd5 Bxd5 32. Rxd5 Kg7 33. Kf2 Na6 34. a4 Nc7 35. Rd8 Ne6 36. Ra8 Rc7 37. h4 c4 38. Ke3 Nc5 39. Nxc4 Nxa4 40. Kd4 Nc5 41. Nd6 Rd7 42. Ke5 Nd3+ 43. Ke6 Nc5+ 44. Ke5 Nd3+ 45. Kd5 Nc5 46. Kc6 Re7 47. Nc8 Re6+ 48. Kd5 a5 49. b4 axb4 50. cxb4 Re3 51. bxc5 bxc5 52. h5 Rxg3 53. hxg6 hxg6 54. Nd6 Rg4 55. Ke5 Rg1 56. Ra7+ Kh6 57. Kf6 Kh5 58. Nxf5 Kg4 59. Ne7 Kxf4 60. Ra4+ Ke3 61. Rc4 Rf1+ 62. Kxg6 Kd3 63. Rxc5 Kd4 64. Rd5+ Kc4 65. Rd8 Kc5 66. Nf5 Kc6 67. Kf6 Kc7 68. Rd2 Kc6 69. Re2 Kc5 70. Ke5 Kc6 71. Ne7+ Kd7 72. Nf5 Kc6 73. Ke6 Rd1 74. Rc2+ Kb5 75. Nd6+ Kb4 76. Kd7 Kb3 77. Rc5 Kb4 78. Kc6 Rh1 79. Rg5 Rc1+ 80. Kb6 Rb1 81. Rb5+ 1-0

[Event "Mazowiec-chT 1314"]
[Site "Poland"]
[Date "2014.02.09"]
[Round "7.12"]
[White "Sawicki, Wojciech"]
[Black "Pac, Maciej"]
[Result "1-0"]
[WhiteElo "1850"]
[BlackElo "1781"]
[PlyCount "57"]
[EventDate "2014.01.12"]
[EventType "team-tourn"]
[EventRounds "10"]
[EventCountry "POL"]
[SourceTitle "EXT 2019"]
[Source "ChessBase"]
[SourceDate "2018.10.10"]
[SourceVersion "1"]
[SourceVersionDate "2018.10.10"]
[SourceQuality "1"]

1. e4 c5 2. d4 cxd4 3. c3 d6 4. cxd4 g6 5. Nf3 Bg7 6. h3 Nc6 7. Nc3 Nf6 8. Be3 0-0 9. Be2 Nd7 10. 0-0 Nb6 11. Rc1 d5 12. e5 f6 13. exf6 Bxf6 14. Bh6 Re8 15. Bb5 a6 16. Bxc6 bxc6 17. Re1 Nd7 18. Ne2 Qb6 19. Qc2 Bb7 20. Nf4 e5 21. dxe5 Nxe5 22. Nxe5 Bxe5 23. Nxg6 Bd4 24. Ne7+ Kh8 25. Qf5 Qxb2 26. Rb1 Qc3 27. Rec1 Rxe7 28. Rxc3 Bxc3 29. Bg5 1-0

[Event "Mazowiec-chT 1314"]
[Site "Poland"]
[Date "2014.01.19"]
[Round "3.1"]
[White "Jaskowski, Piotr"]
[Black "Sawicki, Wojciech"]
[Result "0-1"]
[WhiteElo "1858"]
[BlackElo "1850"]
[PlyCount "96"]
[EventDate "2014.01.12"]
[EventType "team-tourn"]
[EventRounds "10"]
[EventCountry "POL"]
[SourceTitle "EXT 2019"]
[Source "ChessBase"]
[SourceDate "2018.10.10"]
[SourceVersion "1"]
[SourceVersionDate "2018.10.10"]
[SourceQuality "1"]

1. e4 e5 2. Nc3 Nc6 3. Bc4 Nf6 4. d3 Na5 5. Bg5 Nxc4 6. dxc4 h6 7. Bh4 Bb4 8. Qd3 d6 9. Nge2 g5 10. Bg3 Nh5 11. 0-0-0 Nxg3 12. hxg3 Be6 13. c5 Bxc5 14. Qb5+ c6 15. Qxb7 Qc8 16. Qxc8+ Rxc8 17. f3 Ke7 18. Na4 Be3+ 19. Kb1 f5 20. exf5 Bxf5 21. g4 Bg6 22. Ng3 Rcf8 23. Nc3 Ke6 24. Rh3 Rh7 25. b3 d5 26. Rdh1 Rfh8 27. Nd1 Bc5 28. Kb2 Bd6 29. Ne3 e4 30. Ngf5 Be5+ 31. c3 exf3 32. gxf3 h5 33. Re1 hxg4 34. Rxh7 Rxh7 35. Nxg4 Kxf5 36. Rxe5+ Kf4 37. Re1 Kxf3 38. Rg1 Kf4 39. Nf6 Rh2+ 40. Ka3 Be4 41. Rf1+ Bf3 42. Kb4 g4 43. Nxg4 Kxg4 44. a4 Kf4 45. Rd1 Be4 46. Kc5 Rc2 47. c4 dxc4 48. Kd4 Bd5 0-1

[Event "Warsaw YMCA Autumn-B 130th"]
[Site "Warsaw"]
[Date "2013.09.23"]
[Round "2"]
[White "Sawicki, Wojciech"]
[Black "Borkowski, Adam"]
[Result "1/2-1/2"]
[WhiteElo "1845"]
[BlackElo "1816"]
[PlyCount "155"]
[EventDate "2013.09.19"]
[EventType "tourn"]
[EventRounds "13"]
[EventCountry "POL"]
[SourceTitle "EXT 2015"]
[Source "ChessBase"]
[SourceDate "2014.11.20"]
[SourceVersion "1"]
[SourceVersionDate "2014.11.20"]
[SourceQuality "1"]

1. e4 c5 2. d4 cxd4 3. c3 dxc3 4. Nxc3 Nc6 5. Nf3 d6 6. Bc4 e6 7. 0-0 Be7 8. Qe2 a6 9. Rd1 Qc7 10. Bf4 Nf6 11. Rac1 0-0 12. Bb3 h6 13. Nd5 exd5 14. exd5 Bg4 15. Ba4 Nxd5 16. Rxd5 Be6 17. Bxc6 bxc6 18. Rdc5 Qb7 19. Rxc6 Rfc8 20. Nd4 Rxc6 21. Nxc6 Bf6 22. b3 Rc8 23. Na5 Rxc1+ 24. Bxc1 Qc7 25. Qe1 Bc3 26. Bd2 Qxa5 27. Bxc3 Qxa2 28. b4 Qd5 29. Qa1 Qg5 30. h4 Qxh4 31. Bxg7 Bc4 32. Bf6 Qf4 33. Qc3 d5 34. Bd4 Kh7 35. Be3 Qf5 36. Qd2 Qg6 37. Bc5 Bd3 38. Qe3 Bc4 39. Bd4 Qe4 40. Qc3 Qg6 41. Bc5 Qg8 42. Qe5 Qg7 43. Qf4 f6 44. Bd4 Qg5 45. Qxf6 Qxf6 46. Bxf6 Kg6 47. Bd4 Kf5 48. f3 h5 49. Kf2 Bb5 50. Kg3 Bf1 51. Kf2 Bb5 52. g3 Bc4 53. Ke3 Bb5 54. Bg7 Bf1 55. Kd4 Bg2 56. Ke3 Bf1 57. Bh6 Bc4 58. Bf4 Bf1 59. Bd6 Bc4 60. Kd4 Bf1 61. Bc7 Bg2 62. Ke3 Bf1 63. Kf2 Bc4 64. Ke3 Bf1 65. Bb6 Bc4 66. Bd4 Bb5 67. Kf2 Bc4 68. Kg2 Be2 69. Bg7 Bc4 70. Kh3 Be2 71. Kg2 Bb5 72. Kf2 Bc4 73. Ke3 Bb5 74. Kd4 Be2 75. Kxd5 Bxf3+ 76. Kc5 Kg4 77. Be5 h4 78. gxh4 1/2-1/2

[Event "Polanica Zdroj op-B 49th"]
[Site "Polanica Zdroj"]
[Date "2013.08.??"]
[Round "9"]
[White "Sawicki, Wojciech"]
[Black "Psyk, Radoslaw"]
[Result "1-0"]
[WhiteElo "1846"]
[BlackElo "1805"]
[PlyCount "99"]
[EventDate "2013.08.17"]
[EventType "swiss"]
[EventRounds "9"]
[EventCountry "POL"]
[SourceTitle "CBM 156 Extra"]
[Source "ChessBase"]
[SourceDate "2013.10.22"]
[SourceVersion "1"]
[SourceVersionDate "2013.10.22"]
[SourceQuality "1"]

1. e4 c5 2. d4 cxd4 3. c3 d5 4. exd5 Qxd5 5. cxd4 Nc6 6. Nf3 Bg4 7. Nc3 Qa5 8. d5 0-0-0 9. Bd2 Nb4 10. Rc1 Kb8 11. Nb5 e5 12. a3 e4 13. axb4 Bxb4 14. Bxb4 Qxb4+ 15. Qd2 Qxd2+ 16. Nxd2 Nf6 17. Nc3 Nxd5 18. Nxd5 Rxd5 19. Be2 h5 20. h3 Bxe2 21. Kxe2 f5 22. Rhd1 Rb5 23. Rc2 Rc8 24. Rxc8+ Kxc8 25. Nc4 Kc7 26. Rd2 Rb3 27. Ne3 Rb5 28. Nd5+ Kc6 29. Nf4 h4 30. Ng6 a5 31. Nxh4 a4 32. Ng6 Kc5 33. Nf4 Kb4 34. Ne6 Re5 35. Nxg7 Kb3 36. Ke3 b5 37. Nxf5 Rxf5 38. Kxe4 Rf8 39. f4 Re8+ 40. Kf3 b4 41. g4 a3 42. bxa3 bxa3 43. f5 a2 44. Rxa2 Kxa2 45. f6 Kb3 46. Kf4 Kc4 47. Kf5 Kd5 48. f7 Ra8 49. Kf6 Kd6 50. g5 1-0

[Event "Warsaw YMCA Spring 121st"]
[Site "Warsaw"]
[Date "2013.05.31"]
[Round "10"]
[White "Barc, Michal"]
[Black "Sawicki, Wojciech"]
[Result "0-1"]
[WhiteElo "1854"]
[BlackElo "1797"]
[PlyCount "71"]
[EventDate "2013.04.10"]
[EventType "tourn"]
[EventRounds "11"]
[EventCountry "POL"]
[SourceTitle "EXT 2014"]
[Source "ChessBase"]
[SourceDate "2013.11.20"]
[SourceVersion "1"]
[SourceVersionDate "2013.11.20"]
[SourceQuality "1"]

1. d4 Nf6 2. Nf3 g6 3. c4 Bg7 4. Nc3 0-0 5. e4 d6 6. Be2 e5 7. 0-0 Nc6 8. d5 Ne7 9. b4 Nh5 10. g3 f5 11. Ng5 Nf6 12. Ne6 Bxe6 13. dxe6 Nxe4 14. Nxe4 fxe4 15. Bg5 Bf6 16. Bh6 Re8 17. Qc2 Nf5 18. Be3 Nd4 19. Bxd4 exd4 20. Qxe4 d3 21. Bxd3 Bxa1 22. Rxa1 Qf6 23. Re1 c6 24. h4 Re7 25. f4 Rae8 26. f5 gxf5 27. Qxf5 Rf8 28. Qg5+ Qxg5 29. hxg5 Rf3 30. Be4 Rxg3+ 31. Kf2 Rxg5 32. b5 cxb5 33. cxb5 Rxb5 34. Rd1 Rxe6 35. Bd5 Rxd5 36. Rxd5 0-1

[Event "Warsaw-ch opB 66th"]
[Site "Warsaw"]
[Date "2013.05.18"]
[Round "8"]
[White "Praczukowski, Stanislaw"]
[Black "Sawicki, Wojciech"]
[Result "1/2-1/2"]
[WhiteElo "1859"]
[BlackElo "1797"]
[PlyCount "139"]
[EventDate "2013.05.11"]
[EventType "swiss"]
[EventRounds "9"]
[EventCountry "POL"]
[SourceTitle "CBM 154 Extra"]
[Source "ChessBase"]
[SourceDate "2013.06.25"]
[SourceVersion "2"]
[SourceVersionDate "2013.06.25"]
[SourceQuality "1"]

1. c4 Nf6 2. g3 g6 3. Bg2 Bg7 4. Nc3 0-0 5. d4 d6 6. Nf3 Nc6 7. 0-0 a6 8. Qd3 Bd7 9. d5 Nb4 10. Qd1 a5 11. a3 Na6 12. Be3 Nc5 13. Bxc5 dxc5 14. e4 Ng4 15. Qe2 Ne5 16. Nd2 c6 17. h3 cxd5 18. cxd5 Qb6 19. Rab1 Rfc8 20. Nc4 Nxc4 21. Qxc4 Qa6 22. Qxa6 Rxa6 23. Rfe1 Rb6 24. Bf1 Rxb2 25. Rxb2 Bxc3 26. Rxb7 Bxe1 27. Rxd7 c4 28. Rxe7 c3 29. d6 c2 30. d7 Rd8 31. Re8+ Kg7 32. Rxd8 c1Q 33. Rg8+ Kxg8 34. d8Q+ Kg7 35. Qd4+ Kg8 36. Qd8+ Kg7 37. Qd4+ Kg8 38. Qd3 Qb2 39. Qf3 Qc3 40. Kg2 Qxf3+ 41. Kxf3 a4 42. Bb5 Bc3 43. Bxa4 Bb2 44. e5 Bxa3 45. Ke4 Bc5 46. f4 h5 47. f5 gxf5+ 48. Kxf5 Bf2 49. g4 hxg4 50. Kxg4 Kg7 51. h4 Bd4 52. Kf5 Bf2 53. h5 Be3 54. Bd1 Bh6 55. Ke4 Bd2 56. Kd5 Bf4 57. Ke4 Bd2 58. Kd4 Bf4 59. Kd5 Kh6 60. Ke4 Bd2 61. Kf5 Kg7 62. Bf3 Be3 63. Bd5 Bd2 64. Ba2 Be3 65. Ke4 Bd2 66. Kd4 Bf4 67. Kd5 Kh6 68. e6 fxe6+ 69. Kxe6 Kxh5 70. Kf5 1/2-1/2